000 00378nam a2200121Ia 4500
008 180315s9999 xx 000 0 und d
020 _a9780071825566
100 _aMurphy, Mark
245 _aHundred percenters :
_bChallenge your employees to give it their all and they'll give you even more
250 _a2nd ed
260 _aUSA :
_b2014
_cMcGrawHill
300 _avii, 203 pages
999 _c356306
_d356306